| Tag |
First Indicator |
Second Indicator |
Subfields |
| LEADER |
00000cam a2200000Ia 4500 |
| 001 |
in00002782474 |
| 005 |
20211120170450.0 |
| 006 |
m o d f |
| 007 |
cr cn||||||||| |
| 008 |
121119s2009 vauae ob f000 0 eng d |
| 035 |
|
|
|a (OCoLC)ocn818664631
|
| 040 |
|
|
|a GPO
|c GPO
|d GPO
|d MvI
|d UtOrBLW
|
| 049 |
|
|
|a WWW
|
| 074 |
|
|
|a 0982-G-11 (online)
|
| 086 |
0 |
|
|a TD 2.30:08-071
|
| 245 |
0 |
0 |
|a Evaluation of sign and marking alternatives for displaced left-turn lane intersections.
|
| 264 |
|
1 |
|a McLean, Va. :
|b U.S. Dept. of Transportation, Research, Development, and Technology, Turner-Fairbank Highway Research Center,
|c [2009]
|
| 300 |
|
|
|a 1 online resource (16 pages) :
|b color illustrations, plans
|
| 336 |
|
|
|a text
|b txt
|2 rdacontent
|
| 337 |
|
|
|a computer
|b c
|2 rdamedia
|
| 338 |
|
|
|a online resource
|b cr
|2 rdacarrier
|
| 513 |
|
|
|a Summary report.
|
| 500 |
|
|
|a Title from title screen (viewed on Nov. 19, 2012).
|
| 500 |
|
|
|a "February 2009."
|
| 504 |
|
|
|a Includes bibliographical references (pages 15-16).
|
| 500 |
|
|
|a "HRDS-05/1-09(3M)E."
|
| 500 |
|
|
|a "FHWA-HRT-08-071."
|
| 500 |
|
|
|a Electronic resource.
|
| 650 |
|
0 |
|a Left-turn lanes
|x Safety measures.
|
| 650 |
|
0 |
|a Traffic signs and signals.
|
| 650 |
|
0 |
|a Roads
|x Interchanges and intersections
|x Safety measures.
|
| 710 |
2 |
|
|a Turner-Fairbank Highway Research Center.
|
| 776 |
0 |
8 |
|a Print version:
|t Evaluation of sign and marking alternatives for displaced left-turn lane intersections
|w (OCoLC)320465599
|
| 856 |
4 |
0 |
|u https://purl.fdlp.gov/GPO/gpo31500
|t 0
|
| 999 |
|
|
|a MARS
|
| 999 |
f |
f |
|s 2bc48060-693e-3717-a6d2-4a9a1a1d1cfd
|i b171038d-5616-328b-90b2-38d48cbaf34a
|t 0
|
| 952 |
f |
f |
|a Texas A&M University
|b College Station
|c Electronic Resources
|d Available Online
|t 0
|e TD 2.30:08-071
|h Superintendent of Documents classification
|
| 998 |
f |
f |
|a TD 2.30:08-071
|t 0
|l Available Online
|